[Event "Titled Tue 27th May Early"]
[Site "chess.com INT"]
[Date "2025.05.27"]
[Round "2"]
[White "Eames, Robert S"]
[Black "Vingris, Mikelis"]
[Result "1-0"]
[WhiteTitle "FM"]
[WhiteElo "2136"]
[BlackElo "2102"]
[WhiteFideId "408743"]
[BlackFideId "11611731"]
[EventDate "2025.05.27"]

1. e4 c5 2. Nf3 Nc6 3. d4 cxd4 4. Nxd4 Nf6 5. Nc3 e5 6. Ndb5 d6 7. Nd5 Nxd5 8.
exd5 Nb8 9. Qf3 a6 10. Qa3 Be7 11. Bd2 Bd7 12. Nxd6+ Kf8 13. Nxb7 Bxa3 14. Nxd8
Bxb2 15. Rb1 Bd4 16. Bb4+ Kg8 17. Bd6 Ba7 18. Rb7 Bc8 19. Rxa7 Rxa7 20. Bxb8 Rd7
21. Nc6 f6 22. Bc4 Bb7 23. O-O g6 24. f4 e4 25. f5 Kg7 26. Bg3 Rc8 27. Na5 Bxd5
28. Bxd5 Rxd5 29. Nb3 Rxc2 30. fxg6 hxg6 31. Re1 f5 32. Bf4 Rxa2 33. Rc1 Rd7 34.
Nc5 Re7 35. h4 a5 36. Nb3 a4 37. Nd4 a3 38. Rc6 Rb2 39. Ra6 a2 40. Nc6 Rd7 41.
Be5+ Kf7 42. Bxb2 Ke6 43. Rxa2 Kd5 44. Nd4 Kc4 45. Ra4+ Kd3 46. Ne6 Rb7 47. Bf6 1-0

[Event "Titled Tue 27th May Early"]
[Site "chess.com INT"]
[Date "2025.05.27"]
[Round "2"]
[White "Aaradhya Das"]
[Black "Sagalchik, Gennadij"]
[Result "1-0"]
[WhiteTitle "WCM"]
[BlackTitle "GM"]
[WhiteElo "1837"]
[BlackElo "2434"]
[WhiteFideId "33361436"]
[BlackFideId "2007916"]
[EventDate "2025.05.27"]

1. d4 d5 2. Nf3 Nc6 3. Bf4 Bg4 4. e3 f6 5. h3 Bh5 6. Bb5 e6 7. Bxc6+ bxc6 8.
Nbd2 c5 9. c3 Qd7 10. O-O g5 11. Bg3 Ne7 12. dxc5 Nf5 13. Bh2 g4 14. hxg4 Bxg4
15. b4 Rg8 16. Kh1 h5 17. Qc2 h4 18. e4 h3 19. g3 Ne7 20. Rfe1 Bh6 21. e5 f5 22.
Nd4 f4 23. gxf4 Nf5 24. Rg1 Kf7 25. Rae1 Rg7 26. Rxg4 Rxg4 27. Nxf5 Rh8 28. Ng3
Bxf4 29. Nf3 Qb5 30. Nd4 Qc4 31. Nxe6 Kxe6 32. Qf5+ Ke7 33. Qxg4 Qxc3 34. Qg7+
Ke6 35. Qg4+ Ke7 36. Nf5+ Kd8 37. Rg1 Bxh2 38. Kxh2 Qxe5+ 39. f4 Qb2+ 40. Kh1
Re8 41. Qg5+ Kc8 42. Ne7+ Kd7 43. c6+ Kd6 44. Qxd5+ 1-0

[Event "Titled Tue 27th May Early"]
[Site "chess.com INT"]
[Date "2025.05.27"]
[Round "2"]
[White "Khamdamova, Afruza"]
[Black "Manon-og, Ramon Jr."]
[Result "1/2-1/2"]
[WhiteTitle "WIM"]
[WhiteElo "2344"]
[BlackElo "1913"]
[WhiteFideId "14210444"]
[BlackFideId "5200776"]
[EventDate "2025.05.27"]

1. e4 c5 2. Nf3 d6 3. d4 cxd4 4. Nxd4 Nf6 5. Nc3 a6 6. Be2 e5 7. Nb3 Be6 8. Be3
Be7 9. O-O Nbd7 10. f4 exf4 11. Bxf4 Ne5 12. Bxe5 dxe5 13. Qxd8+ Rxd8 14. Rad1
O-O 15. Bf3 Ng4 16. Nd5 Bg5 17. h3 Ne3 18. Nxe3 Bxe3+ 19. Kh2 Bc4 20. Rfe1 Bf2
21. Rxd8 Rxd8 22. Rd1 Rxd1 23. Bxd1 g6 24. Na5 Bxa2 25. Nxb7 Bb1 26. Nd6 a5 27.
b3 Be1 28. Kg1 Kf8 29. Kf1 Bc3 30. Ke2 Ke7 31. Nc4 Ke6 32. Kd3 Be1 33. g4 f5 34.
gxf5+ gxf5 35. Bf3 h5 36. exf5+ Kxf5 37. Bxh5 e4+ 38. Ke2 Bc3 39. Ne3+ Kg5 40.
Bf7 Bd4 41. h4+ Kf6 42. Bd5 Ke5 43. Bc4 Bxe3 44. Kxe3 Bxc2 45. h5 Kf6 46. Bd5
Kg5 47. Bxe4 Bxb3 48. Kd4 Kxh5 49. Kc3 Ba4 50. Kc4 Kg5 51. Kc3 Kf4 52. Bc2 Bb5
53. Bd3 Ba4 54. Bc2 Bc6 55. Kc4 Ke3 56. Kc5 Be8 57. Kb6 a4 58. Bxa4 1/2-1/2

[Event "Titled Tue 27th May Early"]
[Site "chess.com INT"]
[Date "2025.05.27"]
[Round "2"]
[White "Souleidis, Georgios"]
[Black "Hon, Eric"]
[Result "1-0"]
[WhiteTitle "IM"]
[WhiteElo "2418"]
[BlackElo "1962"]
[WhiteFideId "4206827"]
[BlackFideId "2097117"]
[EventDate "2025.05.27"]

1. e4 c5 2. Be2 Nc6 3. f4 g6 4. Nf3 Bg7 5. O-O e6 6. c3 Nge7 7. d4 cxd4 8. cxd4
d5 9. e5 O-O 10. Be3 f6 11. Qd2 fxe5 12. dxe5 b6 13. Nc3 Bb7 14. Rad1 Bh6 15.
Nb5 Nf5 16. Bf2 a6 17. Na3 d4 18. Nc2 Qd5 19. b3 Nxe5 20. Ncxd4 Nxd4 21. Qxd4
Nxf3+ 22. Bxf3 Qxd4 23. Bxd4 Bxf3 24. Rxf3 Rxf4 25. Rxf4 Bxf4 26. Bxb6 Rc8 27.
g3 Rc1 28. Rxc1 Bxc1 29. Kf2 Kf7 30. Kf3 e5 31. g4 Ke6 32. Ke4 h5 33. gxh5 gxh5
34. Bc7 Bf4 35. h3 Bh2 36. b4 Bf4 37. a4 Bd2 38. b5 axb5 39. axb5 Bc3 40. Bb8
Ba5 41. Bxe5 Bb6 42. Bd4 Bc7 43. b6 Bb8 44. Be3 Kd7 45. Kd5 Bg3 46. Bd4 Bh2 47.
Bc5 Bb8 48. Be3 Bh2 49. Ke4 Kc6 50. Kf5 Bd6 51. Kg5 Bc5 52. Bxc5 Kxc5 53. b7 1-0

[Event "Titled Tue 27th May Early"]
[Site "chess.com INT"]
[Date "2025.05.27"]
[Round "2"]
[White "Harshit, Ranjan Sahu"]
[Black "Shevchenko, Yaroslav"]
[Result "1-0"]
[WhiteTitle "CM"]
[WhiteElo "2214"]
[BlackElo "2137"]
[WhiteFideId "25638815"]
[BlackFideId "34144684"]
[EventDate "2025.05.27"]

1. e4 c5 2. Nc3 e6 3. f4 d5 4. Nf3 Nc6 5. g3 Nf6 6. e5 Ng8 7. Bg2 Nh6 8. O-O Be7
9. d3 Nf5 10. Qe1 h5 11. Bd2 Rb8 12. Ne2 b5 13. c3 Qb6 14. Kh1 a5 15. Bh3 Nh6
16. d4 Ba6 17. f5 Nxf5 18. Bxf5 exf5 19. Nf4 cxd4 20. Nxd5 Qd8 21. Nxe7 Nxe7 22.
Nxd4 Bb7+ 23. Kg1 Qd5 24. Nf3 h4 25. gxh4 Ng6 26. Bg5 Qc5+ 27. Qf2 Qc4 28. Rae1
Bd5 29. Nd4 O-O 30. Qxf5 Rbe8 31. h5 Ne7 32. Qg4 Nc6 33. Bf6 g6 34. hxg6 Nxe5
35. Rxe5 Rxe5 36. gxf7+ Kxf7 37. Bxe5+ Ke8 38. Rxf8+ Kxf8 39. Qg7+ Ke8 40. Bd6
Bf7 41. Qe5+ Kd7 42. Qe7+ Kc8 43. Nxb5 Qg4+ 44. Bg3 Qd1+ 45. Qe1 Qd5 46. Nd6+
Kd7 47. Nxf7 Qxf7 48. Qd2+ Kc8 49. Qd6 Qa7+ 50. Bf2 Qg7+ 51. Qg3 Qd7 52. Qf3
Qg7+ 53. Bg3 Qg6 54. Qa8+ Kd7 55. Qb7+ Kd8 56. Qb8+ Kd7 57. Qd6+ Ke8 1-0

[Event "Titled Tue 27th May Early"]
[Site "chess.com INT"]
[Date "2025.05.27"]
[Round "2"]
[White "Voinikonis, Nikita"]
[Black "Ivashentseva, Dominika"]
[Result "1-0"]
[WhiteTitle "FM"]
[BlackTitle "WCM"]
[WhiteElo "2123"]
[BlackElo "1921"]
[WhiteFideId "34187500"]
[BlackFideId "34331050"]
[EventDate "2025.05.27"]

1. d4 d5 2. c4 e6 3. Nf3 Nf6 4. g3 Be7 5. Bg2 O-O 6. O-O dxc4 7. Qc2 a6 8. a4
Bd7 9. Qxc4 Bc6 10. Bf4 Nbd7 11. Qc1 Bd6 12. Nc3 Nb6 13. a5 Nbd5 14. Nxd5 Bxd5
15. Rd1 Rc8 16. Be5 c5 17. dxc5 Rxc5 18. Qf4 Nh5 19. Qg4 Bxf3 20. Bxf3 Rxe5 21.
Bxb7 Qc7 22. Bxa6 Ra8 23. Bd3 Nf6 24. Qf3 Raxa5 25. Rxa5 Rxa5 26. h4 h5 27. Kg2
Ra7 28. b3 Qb7 29. e4 Ra3 30. Bc2 Be7 31. Rd3 g6 32. Rc3 Ra6 33. Rc4 Rc6 34. e5
Nd5 35. Be4 Qb5 36. Qd3 Rc5 37. Bxg6 fxg6 38. Qxg6+ Kh8 39. Qh6+ Kg8 40. Qxe6+
Kg7 41. Qf5 Qb7 42. Kh2 Rxc4 43. bxc4 Nb6 44. Qxh5 Nxc4 45. Qg4+ Kf7 46. Qxc4+
Kg7 47. Qg4+ Kf7 48. Qf5+ Kg7 49. h5 Qb2 50. Kg2 Qb7+ 51. f3 Qb2+ 52. Kh3 Qb7
53. e6 Bf6 54. Qg6+ Kh8 55. Qxf6+ Kg8 56. Qf7+ 1-0

[Event "Titled Tue 27th May Early"]
[Site "chess.com INT"]
[Date "2025.05.27"]
[Round "2"]
[White "Lazniewska, Zofia"]
[Black "Karimova, Guldona"]
[Result "0-1"]
[WhiteTitle "WFM"]
[BlackTitle "WIM"]
[WhiteElo "1906"]
[BlackElo "2265"]
[WhiteFideId "21847266"]
[BlackFideId "14210410"]
[EventDate "2025.05.27"]

1. e4 c5 2. c3 Nf6 3. e5 Nd5 4. d4 cxd4 5. cxd4 e6 6. Nf3 Nc6 7. a3 d6 8. Bd3
Be7 9. O-O O-O 10. Qe2 a6 11. Qe4 f5 12. exf6 Nxf6 13. Qe2 Qc7 14. Nc3 d5 15.
Bg5 Bd7 16. Bh4 Bd6 17. Bg3 Bxg3 18. hxg3 Rae8 19. Rfe1 Qd6 20. Rac1 Re7 21. Qc2
Be8 22. Ne5 Nxd4 23. Qd1 Nc6 24. Nc4 Qd8 25. Ne5 Nxe5 26. Rxe5 Bc6 27. Qe2 Qd6
28. Re1 Rfe8 29. Bf5 Bd7 30. Bh3 Ne4 31. Nxe4 Qxe5 32. Nc5 Qxe2 33. Rxe2 d4 34.
Nxd7 Rxd7 35. Bxe6+ Kf8 36. Kf1 d3 37. Re3 d2 38. Rf3+ Ke7 39. Bb3 d1=Q+ 40.
Bxd1 Rxd1+ 41. Ke2 Rd6 42. Ke3 Kd7+ 43. Kf4 Rf8+ 44. Kg4 Rg6+ 45. Kh3 Rxf3 46.
gxf3 Rb6 47. f4 Rxb2 48. Kg2 Rb3 49. g4 Rxa3 50. g5 Ke7 51. f5 Kf7 52. f4 b5 53.
g6+ hxg6 54. fxg6+ Kxg6 55. f5+ Kxf5 56. Kf2 b4 57. Ke2 Rh3 58. Kd2 b3 59. Kc1
Rh2 60. Kb1 Ke4 61. Ka1 Kd3 62. Kb1 0-1

[Event "Titled Tue 27th May Early"]
[Site "chess.com INT"]
[Date "2025.05.27"]
[Round "2"]
[White "Andriienko, Artom"]
[Black "Slate, Kent"]
[Result "1-0"]
[WhiteElo "2153"]
[BlackElo "2082"]
[WhiteFideId "34129510"]
[BlackFideId "30961564"]
[EventDate "2025.05.27"]

1. e4 e6 2. d4 d5 3. Nd2 c5 4. exd5 exd5 5. Ngf3 Nf6 6. c3 Be7 7. Bb5+ Nbd7 8.
O-O O-O 9. dxc5 Nxc5 10. Re1 Nce4 11. h3 Bc5 12. Nxe4 Nxe4 13. Be3 Qb6 14. Bxc5
Qxc5 15. Nd4 Bf5 16. Bd3 Bg6 17. f4 Rae8 18. Qc2 f5 19. Kh2 Qd6 20. g3 h5 21. h4
Qd7 22. Be2 a6 23. Bf3 b5 24. Re3 Rc8 25. Rae1 b4 26. Bxe4 fxe4 27. Qg2 Qg4 28.
Qh3 bxc3 29. bxc3 Qxh3+ 30. Kxh3 Rc4 31. Rb1 Rfc8 32. Rb6 Be8 33. Rxa6 Bd7+ 34.
f5 Rxc3 35. Rxc3 Rxc3 36. Ra8+ Kf7 37. Ra7 Ke8 38. Ne6 Bxe6 39. fxe6 e3 40. Kg2
e2 41. Kf2 Re3 42. Ke1 Rxe6 43. Ra4 Ke7 44. Ra5 Kd6 45. Ra6+ Ke5 46. Rxe6+ Kxe6
47. Kxe2 Kd6 48. Kd3 Kc5 49. a4 g6 50. a5 Kb5 51. Kd4 Kxa5 52. Kxd5 Kb4 53. Ke5
Kc4 54. Kf6 Kd4 55. Kxg6 Ke4 56. Kxh5 Kf5 57. g4+ Kf6 58. g5+ Kg7 59. Kg4 Kg6
60. h5+ Kh7 61. Kf5 Kg7 62. g6 Kh6 63. Kf6 Kxh5 64. g7 Kg4 65. g8=Q+ Kf4 66.
Qg5+ 1-0

[Event "Titled Tue 27th May Early"]
[Site "chess.com INT"]
[Date "2025.05.27"]
[Round "2"]
[White "Osiecki, Stanislaw"]
[Black "Sava, Robert-Gabriel"]
[Result "0-1"]
[WhiteTitle "FM"]
[BlackTitle "CM"]
[WhiteElo "1944"]
[BlackElo "2155"]
[WhiteFideId "1102990"]
[BlackFideId "1265725"]
[EventDate "2025.05.27"]

1. e4 e6 2. d4 b6 3. Bd3 Bb7 4. Qe2 Nf6 5. Nf3 Be7 6. O-O d5 7. e5 Ne4 8. Nbd2
Nxd2 9. Bxd2 c5 10. c3 Nc6 11. Rac1 Qd7 12. h4 h6 13. h5 c4 14. Bb1 O-O-O 15. b3
Na5 16. b4 Nc6 17. a4 a5 18. bxa5 Nxa5 19. Bc2 Kb8 20. Rb1 Ka7 21. Rb2 Ba3 22.
Ra2 Be7 23. Rb1 Rb8 24. Rab2 Bc6 25. Nh2 Rhc8 26. Nf1 Bxa4 27. Bxa4 Qxa4 28. Qg4
Bf8 29. Ne3 Nb3 30. Qe2 Kb7 31. Be1 Ra8 32. Nc2 Rc7 33. Nb4 Bxb4 34. cxb4 Nxd4
35. Qe3 Nf5 36. Qf3 Nd4 37. Qe3 Nc2 38. Qf3 Nxe1 39. Rxe1 c3 40. Rbb1 c2 41.
Rbc1 Qa3 42. Qe2 Qxb4 43. Rf1 Qc4 44. Qf3 b5 45. Rfe1 b4 46. Re3 Ra2 47. Rb3 Kc8
48. Qg3 d4 49. Rf3 Ra3 50. Rxa3 bxa3 51. Qxa3 d3 52. Qf8+ Kb7 53. Ra1 c1=Q+ 54.
Rxc1 Qxc1+ 55. Kh2 Qc5 56. f4 Qxf8 0-1

[Event "Titled Tue 27th May Early"]
[Site "chess.com INT"]
[Date "2025.05.27"]
[Round "2"]
[White "Toncheva, Nadya"]
[Black "Saito, Vinicius"]
[Result "0-1"]
[WhiteTitle "FM"]
[WhiteElo "2332"]
[BlackElo "2083"]
[WhiteFideId "2924056"]
[BlackFideId "2113384"]
[EventDate "2025.05.27"]

1. d4 Nf6 2. c4 g6 3. Nc3 Bg7 4. e4 d6 5. Nf3 O-O 6. Be2 e5 7. O-O Nc6 8. d5 Ne7
9. b4 a5 10. bxa5 Rxa5 11. Nd2 Nd7 12. Nb3 Ra8 13. a4 b6 14. Ba3 f5 15. f3 Bh6
16. a5 bxa5 17. Qd3 a4 18. Bb4 c5 19. dxc6 Nxc6 20. Qd5+ Rf7 21. Qxc6 Ra6 22.
Qd5 axb3 23. Rxa6 Bxa6 24. Qxd6 Be3+ 25. Kh1 Qb6 26. Nd5 Qxd6 27. Bxd6 Bd4 28.
Rb1 b2 29. Nc7 Bb7 30. c5 fxe4 31. Nb5 exf3 32. Nxd4 fxe2 33. Nxe2 Rf2 34. Ng3
Bxg2+ 35. Kg1 Rc2 36. c6 Bxc6 37. Nf1 Rg2+ 38. Kh1 Rd2+ 39. Kg1 Rxd6 40. Rxb2
Nf6 41. Ne3 Bf3 42. Kf2 e4 43. Kg3 Kg7 44. Rb7+ Kh6 45. h4 Rc6 46. Kf4 Nh5+ 47.
Ke5 Ra6 48. Nd5 Ra5 49. Kd4 Rxd5+ 50. Ke3 Rd3+ 51. Kf2 Nf6 52. Rf7 Ng4+ 53. Kg3
g5 54. hxg5+ Kxg5 55. Rxh7 Bd1+ 56. Kg2 Ne3+ 57. Kf2 Nf5 58. Rh8 Bg4 59. Re8 Kf4
60. Ra8 Rd2+ 61. Kf1 Ne3+ 62. Kg1 Kg3 63. Ra1 Bf3 64. Ra2 Rd1# 0-1

[Event "Titled Tue 27th May Early"]
[Site "chess.com INT"]
[Date "2025.05.27"]
[Round "2"]
[White "Alvarez, Leandro"]
[Black "Brezis, Ari"]
[Result "0-1"]
[BlackTitle "CM"]
[WhiteElo "2130"]
[BlackElo "2188"]
[WhiteFideId "132756"]
[BlackFideId "2858541"]
[EventDate "2025.05.27"]

1. e4 e6 2. d4 d5 3. Nc3 Bb4 4. e5 Ne7 5. f4 c5 6. a3 Bxc3+ 7. bxc3 Nf5 8. Nf3
Nc6 9. Bd3 cxd4 10. Bxf5 exf5 11. cxd4 O-O 12. O-O Be6 13. Kh1 Rc8 14. Rb1 Qc7
15. a4 Na5 16. Ba3 Rfe8 17. c3 b6 18. Bd6 Qc6 19. h3 Nc4 20. Qe1 Nxd6 21. exd6
f6 22. Qe2 Qxd6 23. Qa6 Re7 24. Rfe1 Rec7 25. a5 Bf7 26. axb6 axb6 27. Rxb6 Qxf4
28. Rb7 h6 29. Rxc7 Qxc7 30. Nh4 Qxc3 31. Rf1 Qc4 32. Qxc4 Rxc4 33. Nxf5 Kf8 34.
Rb1 Be6 35. Rb8+ Rc8 36. Rxc8+ Bxc8 37. Ne3 Be6 38. g4 Ke7 39. Kg2 Kd6 40. Kf3
g5 41. Ke2 Kc6 42. Kd3 Kb5 43. Kc3 Ka4 44. Nf1 Bf7 45. Ng3 Bg6 46. Nf1 f5 47.
Ne3 f4 48. Nf1 Be4 49. Kd2 Kb3 50. Ke2 Kc3 51. Kf2 Kxd4 52. h4 Kc3 53. h5 d4 54.
Nh2 d3 55. Nf1 d2 56. Ne3 fxe3+ 57. Kxe3 d1=Q 58. Kxe4 Qxg4+ 59. Ke5 Qxh5 0-1

[Event "Titled Tue 27th May Early"]
[Site "chess.com INT"]
[Date "2025.05.27"]
[Round "2"]
[White "Zhigalko, Sergei"]
[Black "Otdelnov, Kirill"]
[Result "1-0"]
[WhiteTitle "GM"]
[BlackTitle "FM"]
[WhiteElo "2572"]
[BlackElo "2273"]
[WhiteFideId "13502956"]
[BlackFideId "24280216"]
[EventDate "2025.05.27"]

1. e4 e6 2. d4 d5 3. e5 c5 4. c3 Nc6 5. Nf3 Nge7 6. Na3 Bd7 7. Nc2 Qa5 8. Bd2
Qb6 9. dxc5 Qxc5 10. Bd3 Qb6 11. O-O Ng6 12. Qe2 Be7 13. b4 Qc7 14. Rfe1 O-O 15.
h4 f6 16. exf6 Bxf6 17. Bxg6 hxg6 18. Ncd4 Rae8 19. Qd3 Kf7 20. g3 e5 21. Nb5
Qb8 22. Qxd5+ Be6 23. Qe4 Bf5 24. Qe2 Rd8 25. Bg5 Bd3 26. Qe3 Bxb5 27. Qe4 Qd6
28. c4 Ba4 29. b5 Nd4 30. Nxe5+ Bxe5 31. Bxd8 Rxd8 32. Re3 Bc2 33. Qd5+ Qxd5 34.
cxd5 Nf3+ 35. Rxf3+ Kg8 36. Rc1 Ba4 37. Re3 Bd6 38. Rb1 b6 39. Rb2 Rc8 40. Re4
Kf7 41. Rxa4 Rc1+ 42. Kg2 Rc7 43. Re2 Bc5 44. Re6 Rd7 45. Rf4+ Kg8 46. Rxg6 Rxd5
47. Rfg4 Bf8 48. R6g5 Rd2 49. a4 Bc5 50. Rf5 Ra2 51. h5 Kh7 52. Rf7 Kh6 53.
Rgxg7 Rxf2+ 54. Rxf2 Kxg7 55. Rf5 1-0

[Event "Titled Tue 27th May Early"]
[Site "chess.com INT"]
[Date "2025.05.27"]
[Round "2"]
[White "Sai, Han Thiha"]
[Black "Ebrahimi Herab, Hamidreza"]
[Result "0-1"]
[WhiteTitle "FM"]
[BlackTitle "FM"]
[WhiteElo "2121"]
[BlackElo "2404"]
[WhiteFideId "13012290"]
[BlackFideId "22512888"]
[EventDate "2025.05.27"]

1. Nf3 Nf6 2. g3 g6 3. b3 Bg7 4. Bb2 O-O 5. Bg2 d5 6. O-O c5 7. c4 d4 8. b4 Nc6
9. b5 Nb8 10. e3 Re8 11. exd4 Nh5 12. Re1 cxd4 13. Ne5 Nd7 14. f4 Nxe5 15. fxe5
d3 16. Qf3 Bh6 17. Nc3 Qd4+ 18. Qf2 Qxc4 19. Bd5 Be6 20. Bxc4 Bxc4 21. Ne4 Ng7
22. a4 b6 23. Rac1 Bd5 24. h4 Ne6 25. Ng5 Bxg5 26. hxg5 Nxg5 27. Kh2 Nf3+ 28.
Kh3 Ng5+ 29. Kg4 h6 30. Rh1 Be6+ 31. Kf4 Kg7 32. Rxh6 Kxh6 33. Rh1+ Nh3+ 34.
Rxh3+ Bxh3 35. Qh2 g5+ 36. Ke3 g4 37. Qf2 Kg6 38. Qf4 Rac8 39. Qe4+ Kh6 40. e6
f6 41. Qxd3 Red8 42. Qe4 Kg7 43. Bc3 Rd6 44. Qf5 Rc5 45. Qe4 Rdd5 46. Kf2 Rf5+
47. Ke3 Rce5 48. Bxe5 Rxe5 49. Qxe5 fxe5 50. Ke4 Kf6 0-1

[Event "Titled Tue 27th May Early"]
[Site "chess.com INT"]
[Date "2025.05.27"]
[Round "2"]
[White "Lavorgna, Giovanni"]
[Black "Calvo Gonzalez, Jose Felix"]
[Result "0-1"]
[WhiteTitle "CM"]
[BlackTitle "CM"]
[WhiteElo "1902"]
[BlackElo "2168"]
[WhiteFideId "11800100"]
[BlackFideId "54505615"]
[EventDate "2025.05.27"]

1. d4 Nf6 2. c4 g6 3. f3 Nc6 4. e4 e5 5. d5 Nd4 6. Ne2 c5 7. dxc6 dxc6 8. Nbc3
Bc5 9. Nxd4 Bxd4 10. Qc2 Qb6 11. Bg5 Nd7 12. O-O-O Nc5 13. Bf6 Rf8 14. f4 Bg4
15. Be2 Be6 16. Bxe5 Bxe5 17. fxe5 Nd7 18. Nd5 cxd5 19. cxd5 Nxe5 20. dxe6 Qxe6
21. Kb1 Ke7 22. Qc7+ Kf6 23. Qc3 Kg7 24. Bf3 Rac8 25. Qa3 a6 26. Rc1 Rfd8 27. h4
Nc4 28. Qc3+ Qe5 29. Qxe5+ Nxe5 30. h5 g5 31. h6+ Kg8 32. Rhd1 f6 33. Rf1 g4 34.
Be2 Kf7 35. Rxc8 Rxc8 36. Rc1 Rxc1+ 37. Kxc1 Ke6 38. Kd2 Kd6 39. b3 Kc5 40. Ke3
b5 41. Kf4 Kd4 42. Kf5 Ke3 43. Bd1 g3 44. Kxf6 Nd3 45. Kg7 Kf2 46. Kxh7 Kxg2 47.
Kg7 Kf2 48. h7 g2 49. h8=Q g1=Q+ 50. Kf7 Qxd1 51. Qf6+ Ke3 0-1

[Event "Titled Tue 27th May Early"]
[Site "chess.com INT"]
[Date "2025.05.27"]
[Round "2"]
[White "Ostanin, Vadim"]
[Black "Eljanov, Pavel"]
[Result "0-1"]
[WhiteTitle "FM"]
[BlackTitle "GM"]
[WhiteElo "2317"]
[BlackElo "2668"]
[WhiteFideId "24125016"]
[BlackFideId "14102951"]
[EventDate "2025.05.27"]

1. e4 e5 2. Nf3 Nc6 3. Bb5 a6 4. Ba4 Nf6 5. O-O Nxe4 6. d4 Be7 7. dxe5 Nc5 8.
Bxc6 dxc6 9. Qxd8+ Bxd8 10. h3 h6 11. Be3 Be7 12. Nc3 Bf5 13. Nd4 Bh7 14. f4 Ne4
15. f5 Nxc3 16. bxc3 c5 17. Nb3 b6 18. g4 O-O-O 19. Rad1 f6 20. Bf4 h5 21. Nd2
g6 22. exf6 Bxf6 23. Ne4 Bh4 24. f6 g5 25. Nxg5 Rxd1 26. Rxd1 Bxc2 27. Rd2 Bg6
28. Re2 Rf8 29. Re6 hxg4 30. hxg4 Bxg5 31. Bxg5 Re8 32. Re7 Rxe7 33. fxe7 Kd7
34. Bf6 b5 35. a3 a5 36. g5 b4 37. cxb4 cxb4 38. axb4 axb4 39. Kf2 c5 40. Ke1 c4
41. Kd2 Kc6 42. Kc1 Kb5 43. Kb2 Kc5 44. Bg7 Kd5 45. Kc1 c3 46. e8=Q Bxe8 47. Bf6
Kc4 48. Bg7 b3 49. Kb1 Bg6+ 50. Kc1 b2+ 51. Kd1 b1=Q+ 52. Ke2 Qe4+ 53. Kf2 c2
54. Bb2 Qf4+ 55. Ke2 c1=Q 56. Bxc1 Qxc1 0-1

[Event "Titled Tue 27th May Early"]
[Site "chess.com INT"]
[Date "2025.05.27"]
[Round "2"]
[White "Lazavik, Denis"]
[Black "Pham, Le Thao Nguyen"]
[Result "1/2-1/2"]
[WhiteTitle "GM"]
[BlackTitle "IM"]
[WhiteElo "2577"]
[BlackElo "2388"]
[WhiteFideId "13515110"]
[BlackFideId "12401226"]
[EventDate "2025.05.27"]

1. d4 Nf6 2. c4 e6 3. Nf3 d5 4. g3 Be7 5. Bg2 O-O 6. Qd3 a6 7. Bf4 c5 8. dxc5
Qa5+ 9. Nbd2 Qxc5 10. O-O Nc6 11. cxd5 Nxd5 12. Bg5 Ndb4 13. Bxe7 Qxe7 14. Qe4
Nd5 15. Nc4 b5 16. Nb6 Nxb6 17. Qxc6 Rb8 18. Rac1 Nc4 19. Qe4 Bb7 20. Qc2 Rbc8
21. Qc3 b4 22. Qb3 Bxf3 23. Qxf3 Nxb2 24. Qb3 Qf6 25. Bb7 Rc3 26. Qxb2 Rxg3+ 27.
hxg3 Qxb2 28. Bxa6 Qxa2 29. Ra1 Qd2 30. Rfd1 Qg5 31. Rab1 Rb8 32. Bc4 h5 33. Rd4
Qf5 34. Bd3 Qc5 35. Rc4 Qa5 36. Rb3 g6 37. Kg2 Kg7 38. e3 Qa8+ 39. Be4 Qa5 40.
Bf3 Qa4 41. Rb2 Qa3 42. Rcc2 b3 43. Rd2 Qb4 44. Bd1 Qc3 45. Re2 Rb6 46. Red2
Qc6+ 47. Kg1 Qc3 48. Kf1 Qc4+ 49. Be2 Qc1+ 50. Bd1 Qc3 51. Ke2 Qc4+ 52. Ke1 Qc3
53. Ke2 Qc4+ 54. Ke1 Qc3 55. Ke2 1/2-1/2

[Event "Titled Tue 27th May Early"]
[Site "chess.com INT"]
[Date "2025.05.27"]
[Round "2"]
[White "Mateus, Martha"]
[Black "Barp, Alberto"]
[Result "0-1"]
[WhiteTitle "WIM"]
[BlackTitle "IM"]
[WhiteElo "1963"]
[BlackElo "2414"]
[WhiteFideId "4401549"]
[BlackFideId "872555"]
[EventDate "2025.05.27"]

1. d4 d5 2. c4 e6 3. Nc3 Nf6 4. cxd5 exd5 5. Bg5 Be7 6. e3 Nbd7 7. Bd3 c6 8.
Nge2 Nf8 9. Qc2 Ne6 10. Bh4 g6 11. a4 O-O 12. h3 Ng7 13. g4 Re8 14. O-O-O Ne4
15. Bxe7 Qxe7 16. Bxe4 dxe4 17. Ng3 f5 18. gxf5 Bxf5 19. h4 Bg4 20. Rdg1 Bf3 21.
Rh2 Kh8 22. h5 gxh5 23. Nge2 h4 24. Nf4 Nf5 25. d5 Rg8 26. Rxg8+ Rxg8 27. b3
Qa3+ 28. Kd2 Rg1 29. Nfe2 Ra1 30. Nc1 Qd6 31. Rh3 cxd5 32. Rxf3 Qe5 33. Rf4 h3
34. N3e2 h2 35. Qc8+ Kg7 36. Rg4+ Kh6 37. Qf8+ Kh5 38. Qf7+ Kxg4 39. Qxh7 Rxc1
40. Nxc1 Qg7 41. Qxh2 Nh4 42. Qf4+ Kh5 43. Ne2 Nf3+ 44. Kd1 Qe5 45. Ng3+ Kg6 46.
Qh4 Qa1+ 47. Ke2 Qb2+ 48. Kf1 Qa1+ 49. Kg2 Qf6 50. Kh3 Qxh4+ 0-1

[Event "Titled Tue 27th May Early"]
[Site "chess.com INT"]
[Date "2025.05.27"]
[Round "2"]
[White "Torres Rebolledo, Alvaro"]
[Black "Centron Antuna, Daniel"]
[Result "0-1"]
[WhiteTitle "FM"]
[BlackTitle "FM"]
[WhiteElo "2336"]
[BlackElo "2290"]
[WhiteFideId "54587670"]
[BlackFideId "22288694"]
[EventDate "2025.05.27"]

1. d4 d5 2. c4 e6 3. Nc3 Nf6 4. cxd5 exd5 5. Bg5 c6 6. e3 Be7 7. Bd3 O-O 8. Nge2
h6 9. Bh4 Re8 10. O-O Nbd7 11. Qd2 Ne4 12. Bxe4 Bxh4 13. Bd3 Bf6 14. Nf4 Nf8 15.
Nce2 Ne6 16. Nxe6 Bxe6 17. Nf4 Bd7 18. Bc2 g6 19. Rab1 Kg7 20. b4 a6 21. a4 Bg5
22. Nd3 b6 23. Ne5 Bf6 24. f4 Qc8 25. Qd3 Bf5 26. Qc3 Bxc2 27. Qxc2 Bxe5 28.
fxe5 Re6 29. Rf4 Ra7 30. Rbf1 c5 31. Rf6 Rae7 32. bxc5 bxc5 33. Qf2 Qc7 34. Rc1
c4 35. h4 Qb6 36. h5 Rxf6 37. exf6+ Qxf6 38. Qg3 Qe6 39. Re1 g5 40. Qf3 Qe4 41.
Qg3 c3 42. Kh2 c2 43. Rc1 Qf5 44. Kg1 Re4 45. Qf2 Qg4 46. Qxc2 Qxh5 47. Qf2 Rh4
48. Kf1 Rh1+ 49. Qg1 Rxg1+ 50. Kxg1 Qe2 51. Rf1 Qxe3+ 52. Kh1 Qxd4 53. Re1 Qh4+
54. Kg1 Qxe1+ 55. Kh2 d4 56. Kh3 d3 57. g4 d2 58. Kg2 d1=Q 59. Kh3 Qf3+ 60. Kh2
Qfg3# 0-1

[Event "Titled Tue 27th May Early"]
[Site "chess.com INT"]
[Date "2025.05.27"]
[Round "2"]
[White "Ilinca, Felix-Antonio"]
[Black "Jimenez Almeida, Luis David"]
[Result "1-0"]
[WhiteTitle "IM"]
[BlackTitle "FM"]
[WhiteElo "2420"]
[BlackElo "2188"]
[WhiteFideId "54764998"]
[BlackFideId "22242244"]
[EventDate "2025.05.27"]

1. d4 g6 2. h4 c5 3. dxc5 Nf6 4. Nc3 Na6 5. e4 Qc7 6. Bxa6 bxa6 7. Be3 Bb7 8. f3
Bg7 9. Qd2 h5 10. O-O-O O-O 11. Nge2 Rab8 12. Bf4 Qxc5 13. Bxb8 Rxb8 14. Nd4 d6
15. Kb1 Nd7 16. Nb3 Qc4 17. Nd5 Kf8 18. Qd3 Qa4 19. Rhe1 Bc6 20. Nc3 Qb4 21.
Qxa6 Nb6 22. a3 Qc4 23. Qxc4 Nxc4 24. Ka2 a5 25. Rb1 a4 26. Nc1 Nd2 27. Nd3 Nxb1
28. Nxb1 Bb5 29. Nb4 Bc4+ 30. Ka1 f5 31. Nc3 Bf6 32. g3 f4 33. gxf4 Bxh4 34. Rg1
Kf7 35. Nxa4 Bf6 36. Nc3 Bd4 37. Rh1 Ra8 38. Nba2 Be3 39. f5 Bd4 40. Kb1 gxf5
41. Rxh5 f4 42. Rf5+ Kg6 43. Rxf4 e5 44. Rg4+ Kf7 45. Nd5 Rb8 46. Nab4 Be2 47.
Rg3 Rh8 48. c3 Bf2 49. Rg2 Rh1+ 50. Kc2 Rf1 51. Nd3 Bd1+ 52. Kd2 Bh4 53. Ne3
Bxf3 54. Rh2 Bg5 55. Rf2 Rxf2+ 56. Nxf2 Ke6 57. Kd3 Kd7 58. a4 Kc6 59. b4 Bh5
60. Nd5 Bf7 61. c4 Bc1 62. Nd1 Ba3 63. N1c3 Kb7 64. Nb5 Bc1 65. Nxd6+ 1-0